000 00787nab a2200241 u 4500
001 22755
003 HDC
007 cr bn ---aaaaa
008 210314c 0404xx dr|noo 0 a eng d
040 _aHDC
245 0 _aMalaysia-India sign deals worth a historic RM157 billion
260 _a[No place] :
_b[publisher not identified],
_c[no date]
336 _atext
_2rdacontent
337 _acomputer
_2rdamedia
338 _aonline resource
_2rdacarrier
650 _aBusiness
_9207
650 _aEconomics
_9730
710 _aJust Read Online
856 _zRequest full-text at [email protected]
942 _2lcc
942 _cNEWS
942 _kNWSO 004308
999 _c20071
_d20071